|
|
|
|
| LEADER |
00000nab a2200000 ar4500 |
| 001 |
vtls009488950 |
| 003 |
SK-MaSNL |
| 005 |
20260304154517.0 |
| 008 |
250507c2008 xo mr|p|||||||000 b|slo |
| 015 |
|
|
|a SNBRB2009/03
|2 snkbucl
|
| 035 |
|
|
|a (sysno)vtls009488950
|
| 035 |
|
|
|a urn:nbn:sk:snk-ab7cpo
|
| 035 |
|
|
|a (uuid)0745b731-ed29-42a7-be6b-56add9ce3de2
|
| 035 |
|
|
|a (urnnbn)urn:nbn:sk:snk:ar-a07jb9
|
| 038 |
|
|
|a SNKBUCL
|
| 040 |
|
|
|a SNKBUCL
|b slo
|c SNKBUCL
|e AACR2
|
| 041 |
0 |
|
|a slo
|
| 044 |
|
|
|a xo
|c SK
|
| 080 |
|
|
|a 141.82
|2 2001
|
| 080 |
|
|
|a 316.3
|2 2001
|
| 080 |
|
|
|a 929 Solženicyn, Aleksandr Isajevič
|2 2001
|
| 100 |
1 |
|
|a Joch, Roman
|4 aut
|9 1165204
|
| 245 |
1 |
0 |
|a Alexander Isajevič Solženicyn, RIP
|c Roman Joch
|
| 600 |
1 |
7 |
|a Solženicyn, Aleksandr Isajevič,
|d 1918-2008
|2 snkbucl
|9 222919
|
| 650 |
0 |
7 |
|a spoločnosť
|2 snkbucl
|9 1013
|
| 650 |
0 |
7 |
|a komunizmus
|2 snkbucl
|9 2152
|
| 773 |
0 |
|
|t Impulz
|g Roč. 4, č. 3 (2008), s. 93-95
|x 1336-6955
|
| 850 |
|
|
|a Slovenská národná knižnica
|
| 852 |
|
|
|a Slovenská národná knižnica
|
| 954 |
|
|
|a odborná, vedecká literatúra pôvodná (slovenská)
|2 lita
|
| 958 |
|
|
|a article2022
|
| 958 |
|
|
|a SK
|
| 958 |
|
|
|a NT
|
| 958 |
|
|
|a BC
|
| 958 |
|
|
|a OND
|
| 958 |
|
|
|a EUIPO
|
| 999 |
|
|
|c 2957976
|d 2959906
|